Reputation Tour Setlist - Taylor Swift - Statistics

General Stats
  • This quiz has been taken 66 times
  • The average score is 20 of 23
Answer Stats
Album Song % Correct
reputation ...Ready for It?
100%
reputation Dress
96%
Fearless Love Story
93%
1989 Shake It Off
93%
reputation Gorgeous
91%
reputation I Did Something Bad
91%
Fearless You Belong With Me
91%
1989 Bad Blood
89%
reputation End Game
89%
reputation King Of My Heart
87%
reputation New Year's Day
87%
1989 Style
87%
reputation This Is Why We Can't Have Nice Things
87%
reputation Call It What You Want
85%
reputation Delicate
85%
reputation Getaway Car
85%
reputation Look What You Made Me Do
85%
Red We Are Never Ever Getting Back Together
85%
1989 Blank Space
83%
reputation Don't Blame Me
83%
Taylor Swift Should've Said No
83%
reputation Dancing With Our Hands Tied
80%
Speak Now Long Live
74%
No matching quizzes found
Score Distribution
Percent of People with Each Score
Percentile by Number Answered
Your Score History
You have not taken this quiz